logo

Bir Sreshtho Munshi Abdur Rouf Library
Jhenaidah Cadet College

ইছলাম সোপান / (Record no. 11675)

MARC details
000 -LEADER
fixed length control field 00791nam a2200241 a 4500
001 - CONTROL NUMBER
JCCL Control Number 11675
003 - CONTROL NUMBER IDENTIFIER
JCCL marc code BD-JhCC
005 - DATE AND TIME OF LATEST TRANSACTION
control field 20201207134019.0
008 - FIXED-LENGTH DATA ELEMENTS--GENERAL INFORMATION
fixed length control field 200716b19631995bg |||| ||a| 000 0 ben d
020 ## - INTERNATIONAL STANDARD BOOK NUMBER
International Standard Book Number 98407317X
035 ## - SYSTEM CONTROL NUMBER
system control number (BD-JhCC)11675
040 ## - CATALOGING SOURCE
Original cataloging agency BD-JhCC
Modifying agency BD-JhCC
041 ## - LANGUAGE CODE
Language code of Book ben
082 ## - DEWEY DECIMAL CLASSIFICATION NUMBER
Classification number 297.2
Author mark and Year ISL 1995
245 ## - TITLE STATEMENT
Title ইছলাম সোপান /
Statement of responsibility, etc অনু:ইব্রাহীম খা, মৌলবী আহছান উল্লাহ ।
260 ## - PUBLICATION, DISTRIBUTION, ETC. (IMPRINT)
Place of publication, distribution, etc ঢাকা:
Name of publisher, distributor, etc বাংলা একাডেমী ঢাকা;
Date of publication, distribution, etc ১৯৯৫.
300 ## - PHYSICAL DESCRIPTION
Pagination 418 p. :
Dimensions 22 cm.
650 ## - SUBJECT ADDED ENTRY--TOPICAL TERM
Topical term or geographic name as entry element Islamic
700 ## - ADDED ENTRY--PERSONAL NAME
Personal name খা, ইব্রাহীম
700 ## - ADDED ENTRY--PERSONAL NAME
Personal name উল্লাহ, মৌলবী আহছান
942 ## - ADDED ENTRY ELEMENTS (KOHA)
Source of classification or shelving scheme Dewey Decimal Classification
Koha item type Books
Koha issues (borrowed), all copies 2
Holdings
Source of classification or shelving scheme volume number Damaged status Not for loan Home library Current library Shelving location Date of accession Cost, normal purchase price Total Checkouts Full call number Barcode Date last seen Date checked out Copy number Koha item type
Dewey Decimal Classification V-1     JCC Rouf Library JCC Rouf Library General Stacks 07/16/2020 101.00 1 297.2 ISL 1995 15804 09/04/2022 12/06/2020 C-1 Books

JCC Library | Contacts | JCC Home

Last Update on 23 September 2017
Copyright @ 2017-2020 JCC Rouf Library
Rouf Library, Jhenidah Cadet College (JCC), Bangladesh